| 000 | 00928nam0a22002411 4500 | ||
|---|---|---|---|
| 001 | rc\2886899 | ||
| 005 | 20260406135701.0 | ||
| 035 | _a(NLR Aleph) 007039426 | ||
| 090 |
_a6082581 _c6082581 |
||
| 100 | _a20110722d1932 |||y0rusy50 ca | ||
| 101 | 0 | _arus | |
| 102 | _aRU | ||
| 105 | _ay z ||||| | ||
| 200 | 1 |
_aНа лесах _eСборник Запсибаппа _f[Предисл: А. Высоцкий] |
|
| 210 |
_aНовосибирск _cОгиз. Запсиботд-ние _d1932 _gт[ипо]-л[ит.] № 1 ЗСКПТ |
||
| 215 |
_aОбл., 93, [2] с., 1 с. объявл. _d20×14 см |
||
| 702 | 1 |
_aВысоцкий _bА. _4080 |
|
| 712 | 0 | 2 |
_4570 _aЗападно-Сибирская ассоциация пролетарских писателей _cНовосибирск _3RU\NLR\AUTH\889918670 _9333465 |
| 801 | 0 |
_aRU _bNLR _gpsbo |
|
| 801 | 1 |
_aRU _bELAR _2rusmarc |
|
| 852 |
_aNLR _j32-1/1365 |
||
| 942 | _cBOOK | ||
| 980 | _aNB | ||